Skład Liverpoolu vs Real Madryt w finale LM 2022 - Statystyki

Ogólne statystyki
  • Ten quiz został rozwiązany 456 razy
  • Średni wynik to 9 z 11
Statystyki odpowiedzi
Numer Pozycja Zawodnik % Poprawnych
11 Prawy skrzydłowy Mohamed Salah
96%
1 Bramkarz Alisson
94%
66 Prawy obrońca Trent Alexander-Arnold
94%
4 Środkowy obrońca Virgil van Dijk
92%
26 Lewy obrońca Andrew Robertson
87%
10 Napastnik Sadio Mané
81%
5 Środkowy obrońca Ibrahima Konaté
69%
14 Środkowy pomocnik Jordan Henderson
63%
23 Lewy skrzydłowy Luis Díaz
62%
3 Środkowy pomocnik Fabinho
59%
6 Środkowy pomocnik Thiago
52%
Nie znaleziono quizów pasujących do podanych kryteriów
Rozkład punktacji
Procent ludzi z każdym wynikiem
Percentyl według liczby udzielonych odpowiedzi
Twoja historia wyników
Nie rozwiązałeś tego quizu